【プロ野球】 2026年 埼玉西武ライオンズ 応援歌 - Statistics

General Stats
  • This quiz has been taken 8 times
  • The average score is 17 of 23
Answer Stats
応援歌 選手名 % Correct
勝利に向かって 進め今こそ生み出せチャンスを いざ〇〇 栗山巧
100%
覚悟決めた勝負の地で 光満ちる技巧 この地がわく景色を 心に刻み込め 石井一成
86%
駆け上がれ 夢の舞台へ無我夢中に 走れ早く みてみたいな 夢中になれる君 いくぞ前進 その先へと ラーラーララーラーラ 〇〇〇〇 ラーラーララーラーラ 〇〇〇〇 ラーラーララーラーラ 〇〇〇〇 外崎修汰
86%
この場所で輝け魅せろ 〇〇 泥にまみれて 培った 今ここで魅せろ 〇〇の力 源田壮亮
86%
獅子を纏い将いる 漲るガッツマン 牙立てる闘志むき出して 突き進め〇〇 桑原将志
86%
運命(さだめ)の一撃 歓喜の一打 さあ立ち上がれ今 スタンド舞い上がる 弾丸で切り裂く 歓喜の一打 渡部聖弥
86%
頂への道を その手で掴め強肩強打の勇姿で 導いてくれ 古賀悠斗
86%
〇〇〇〇 Let's Goオーオーオオーオオーオー ラーラーララーララーラー Come on Homerun ネビン
86%
オイ!オイオイオイ!オイ!〇〇!〇〇!〇〇! 打ち続け ジャングルを追いつめろ 獅子の誇りと 力で挑め 炭谷銀仁朗
86%
〇〇 今だ決めろ 狙いを定め振り抜いたその先には 勝利のアーチ 西川愛也
86%
その胸を焦がす 炎のままに気迫で打ち抜くんだ バックスクリーン 中村剛也
86%
爽やかに⾵切る ⻘炎を⼒に変える終わりのない冒険へ挑め (吠えろ!) 〇〇 長谷川信哉
86%
飛ばせ彼方へ 駆けろ夢のその先へまことの道を 拓き進め〇〇〇〇 岸潤一郎
86%
我らの願いを背に 安!打!〇〇〇〇!渋く熱く魅せてくれ さあ今だ決めてやれ 林安可
86%
栄光へ続く 架け橋を繋げ敵を切り裂くスイング さあ叩き込め 山村崇嘉
71%
〇〇掻き回せ 掴んだチャンス物にしろ越後の星よ 煌めけ いつまでも 滝澤夏央
71%
鍛えた努力を胸に 闘志を燃やして打ちまくれ守り抜け 獅子の男 〇〇〇〇 柘植世那
57%
感情を昂らせ 見せろフルスイング決め球砕いて 虹を描く 外国人選手汎用テーマ
57%
狙い澄ました技で 全てを懸けて描いた道を拓け 〇〇獅子となれ 蛭間拓哉
43%
勝利を呼ぶその背中で 魅せろ獅子の意地を 〇〇〇〇 いざ解き放て 野村大樹
43%
気持ちと技で 真っ向勝負敵を倒し我らを 勝利へ導け 投手汎用
43%
夢を見た この世界で勝利の雄叫び上げろ 若獅子の力を 見せてくれ 野手汎用テーマA
43%
流した汗はすべて 努力の結晶だがむしゃらに掴めチャンス いけ! 〇〇! 野手汎用テーマB
43%
No matching quizzes found
Score Distribution
Percent of People with Each Score
Percentile by Number Answered
Your Score History
You have not taken this quiz